000 00577nam a2200193Ia 4500
003 GCL
008 140319s9999 xx 000 0 ara d
040 _aGCL /
_cGCL
082 0 4 _a811.9
_bن ا
100 1 _aنزار قبانى
245 1 0 _aالاعمال الشعرية الكاملة نزار قبانى /
_cنزار قبانى
260 _a[S.N] :
_bمنشورات نزار قبانى ،
_c1993
300 _aمتعدد
490 _a
650 0 4 _aالشعر العربى
650 0 4 _aالادب العربى
650 0 4 _aنزار قبانى
942 _2ddc
_cBK
999 _c29790
_d29790